000 00398nam a22001697a 4500
003 MPLRDC
005 20220104151413.0
008 210129b ||||| |||| 00| 0 eng d
082 _a861.57 JSQ-3
100 _a井上靖
245 _a冰壁
_c
250 _a第一版
260 _a
_b上海译文出版社
_c1984
300 _b
650 _a日本现代小说
942 _cBK
_o861.57 JSQ-3
999 _c52354
_d52344